000 00572nam a22001697a 4500
999 _c14926
_d14926
003 AR-CdUCM
008 190425b ||||| |||| 00| 0 spa d
040 _aMUNICIPALIDAD PROVINCIAL DEL CUSCO
_cBIBLIOTECA MUNICIPAL DEL CUSCO
082 _aC / 051 /
_bK86
245 _aKosko :
_brevista libre /
260 _aCusco :
_bTrabajo,
_c1925.
300 _a20 páginas ;
_c27 cm.
440 _aKosko
_n03
_933903
505 _aUna grave crisis -- reflexiones de oportunidad -- Prosas de Vargas Villa -- Dioses para la canalla -- Florencio...
942 _2ddc
_cPP
945 _awfj